| 000 | 00682nam a22001937a 4500 | ||
|---|---|---|---|
| 005 | 20170808165256.0 | ||
| 010 | _aENG-119152 | ||
| 020 |
_c175.00 _a9788184654516 |
||
| 035 | _aEN-102684 | ||
| 037 | _bDBAD/PUB | ||
| 082 | _a280.42 | ||
| 100 | _aAbhishiktanada | ||
| 245 |
_aPrayer : _cby Abhishiktanada _bexloring contemlative preayer thought Eastern and westren spirituality / |
||
| 260 |
_aDelhi _bThe Indian Society for Promoting Christian Knowlewdge(ISPCK)) _c2015 |
||
| 270 |
_a1585,1654 Madarsa Road Kashmere Gate _bDelhi _e110006 |
||
| 300 |
_axxii,111p. _c22cm(pbk) |
||
| 500 | _aIncludes bibliographical references | ||
| 942 |
_2ddc _cEN _mABH _h280.42 |
||
| 999 |
_c143169 _d143169 |
||